Größte Städte der Welt, wenn alles an Eis schmilzt - Auf einer Karte - Statistiken

Allgemein
  • Dieses Quiz wurde 113 mal gespielt
    102 seit der letzten Aktualisierung
  • Das Durchschnittsergebnis liegt bei 21 aus 50
Antworten auf der Karte
Die Antworten werden auf der Karte rot bzw. grün angezeigt, abhängig davon wie oft sie richtig erraten wurden.
 
Antwortstatistiken
Population Höhe Stadt % Korrekt
6,800,000 663m Madrid
89%
24,700,000 2228m Mexiko Stadt
87%
17,400,000 152m Moskau
87%
6,150,000 130m Mailand
82%
8,520,000 59m Istanbul
77%
9,980,000 92m Los Angeles
77%
5,250,000 870m Ankara
76%
11,000,000 140m Lima
71%
8,800,000 597m Riad
67%
22,700,000 769m Sao Paulo
67%
9,850,000 179m Chicago
66%
8,000,000 573m Santiago
65%
15,800,000 1168m Teheran
65%
10,000,000 2553m Bogota
64%
32,400,000 215m Delhi
64%
14,500,000 1753m Johannesburg
61%
7,650,000 91m Toronto
60%
14,500,000 277m Kinshasa
57%
7,350,000 137m Dallas
55%
6,300,000 1689m Nairobi
55%
6,000,000 308m Atlanta
54%
5,850,000 181m Detroit
48%
5,650,000 1548m Guadalajara
43%
5,700,000 822m Amman
42%
22,170,000 22m Guangzhou
41%
4,725,000 331m Phoenix
40%
11,600,000 379m Xi'an
36%
6,650,000 383m Khartum
35%
4,150,000 1473m Medellin
35%
5,100,000 859m Belo Horizonte
31%
10,700,000 513m Hyderabad
31%
13,900,000 214m Lahore
30%
13,200,000 921m Bangalore
28%
5,750,000 538m Monterrey
28%
15,200,000 500m Chengdu
23%
6,850,000 689m Bandung
20%
4,625,000 1803m Kabul
19%
7,350,000 547m Pune
19%
5,300,000 118m Harbin
17%
10,100,000 222m Chongqing
16%
5,000,000 487m Kano
16%
7,690,000 61m Changsha
11%
6,000,000 1932m Kunming
11%
4,850,000 76m Nanning
8%
8,950,000 108m Zhengzhou
6%
4,375,000 213m Changchun
5%
4,175,000 442m Jaipur
5%
5,550,000 789m Taiyuan
5%
4,275,000 3m Ningbo
2%
4,625,000 1064m Guiyang
1%
Keine übereinstimmenden Quizze gefunden
Verteilung der Resultate
Anzahl Personen mit jedem Resultat
Perzentil nach korrekt beantworteten Fragen
Ihre Resultats-Entwicklung
Sie haben dieses Quiz seit der letzten Aktualisierung nicht gespielt